000 01285nam a2200265 a 4500
001 000010828
003 DO-SdBNP
005 20210824140247.0
008 091012s1985 dr 001 0 spa d
040 _aDO-SdBNP
_bspa
_cBNPHU
082 4 _a300.72
_bD963r
_222
100 1 _aDurkheim, Emile
_926152
240 _aLes regles de la methode sociologique
_lEspañol
245 1 4 _aLas reglas del método sociológico /
_cEmile Durkheim; traducción Anibal Leal.
260 _aSanto Domingo :
_bAlfa y Omega,
_c1985.
300 _a157 p. ;
_c19 cm.
500 _aIncluye referencias bibliográficas y notas al pie de las páginas
505 _a¿Qué es un hecho social? 29|Reglas relacionadas con la observación de los hechos sociales 40|Reglas relacionadas con la distinción entre lo normal y lo patológico 68|Reglas relacionadas con la constitución de los tipos sociales 94|Reglas acerca de la explicación de los hechos sociales 106|Reglas relacionadas con la administración de la prueba 137
534 _pTítulo del original francés
_tLes regle de la methode sociologique
590 _aInventariado, 2021/MFF
650 4 _aSociología
_xMetodología
_94575
700 1 _aLeal, Anibal,
_etrad.
_94573
910 _aValidado. Control de calidad MFF
942 _2ddc
_cLBS1
999 _c10577
_d10577